Manual de la ayuda al desarrollo: principios del CAD para una ayuda eficaz

Saved in:
Bibliografiske detaljer
Corporate Authors: OCDE (Author), MOrganización de Cooperación y Desarrollo Economicos (Author)
Format: Bog
Sprog:spansk
Udgivet: París OCDE 1994
Fag:
Tags: Tilføj Tag
Ingen Tags, Vær først til at tagge denne postø!

MARC

LEADER 00000nam a2200000 a 4500
001 UCI6941
003 CL-VaPUC
008 080530e19940000FR |||||||||||||||||spa|d
020 |a 9264437797 
082 0 4 |a 338.98  |b OCD  |2 21 
110 2 |a OCDE  |e author  |9 530014 
710 2 |a MOrganización de Cooperación y Desarrollo Economicos  |e author  |9 530015 
245 1 0 |a Manual de la ayuda al desarrollo: principios del CAD para una ayuda eficaz 
300 |a 190 p 
942 |c BK 
945 |d 20080530 00:00:00  |a jtorresc 
260 |a París  |b OCDE  |c 1994 
650 7 |a AYUDA AL DESARROLLO  |2 CL-VaPUC  |9 338256 
650 0 |a Países en desarrollo  |9 259663 
650 0 |a Desarrollo económico y social   |9 256320 
650 7 |a POLITICAS DE DESARROLLO  |2 CL-VaPUC  |9 345187 
583 |a last modification  |c 20080530 00:00:00  |k Rodrigo Vera 
999 |c 330374  |d 330372 
952 |0 0  |1 0  |4 0  |6 338_980000000000000_OCD_1994  |7 0  |8 A  |9 415876  |a BIBGIM  |b BIBGIM  |d 2019-11-22  |i 444440K  |o 338.98 OCD 1994  |p 444440K  |r 2025-01-15  |w 2019-11-22  |y BK  |k OCD